[Event "4NCL/Div4/OXF2 vs. PPA2"]
[Site "West Bromwich ENG"]
[Date "2004.06.19"]
[Round "10.6"]
[White "Goodger, Martyn"]
[Black "Ludbrook, Matt"]
[Result "1-0"]
[WhiteElo "2138"]
[BlackElo "1816"]
[PlyCount "45"]
[EventDate "2004.06.19"]

1. e4 e6 2. d4 d5 3. e5 c5 4. c3 Qb6 5. Nf3 Bd7 6. a3 c4 7. Nbd2 Bb5 8. g3 Nd7
9. h4 Be7 10. Bh3 h5 11. O-O Nh6 12. Re1 Qa6 13. Nf1 Ba4 14. Qe2 Qb6 15. Bg5
Rc8 16. Bxe7 Kxe7 17. Ng5 g6 18. Ne3 Qb3 19. Nxd5+ exd5 20. e6 Ne5 21. exf7
Nhxf7 22. Nxf7 Kxf7 23. Qxe5 1-0

[Event "4NCL/Div4/MET vs. HKF3"]
[Site "West Bromwich ENG"]
[Date "2004.06.19"]
[Round "10.1"]
[White "Noden, Nicolas"]
[Black "Lazarevic, Ljubica"]
[Result "1-0"]
[WhiteElo "2176"]
[BlackElo "1672"]
[PlyCount "63"]
[EventDate "2004.06.19"]

1. c4 Nf6 2. g3 d5 3. cxd5 Nxd5 4. Bg2 c6 5. Nf3 g6 6. Nc3 Bg7 7. O-O O-O 8. e4
Nxc3 9. bxc3 c5 10. d4 cxd4 11. cxd4 Nc6 12. Be3 Bg4 13. e5 Rc8 14. h3 Be6 15.
Qd2 Bd5 16. h4 Qc7 17. h5 Rcd8 18. Qb2 b6 19. Ng5 Bxg2 20. Kxg2 Na5 21. Qe2 Nc6
22. Qg4 Qd7 23. Qh4 Nxd4 24. hxg6 h6 25. gxf7+ Kh8 26. Bxd4 Qxd4 27. Qxd4 Rxd4
28. Ne6 Rdd8 29. Nxd8 Rxd8 30. Rad1 Rc8 31. Rd7 Bxe5 32. Rxe7 1-0

[Event "4NCL/Div4/MET vs. HKF3"]
[Site "West Bromwich ENG"]
[Date "2004.06.19"]
[Round "10.2"]
[White "Bullock, Andrew"]
[Black "Calvert, D Ian"]
[Result "1/2-1/2"]
[WhiteElo "1664"]
[BlackElo "2048"]
[PlyCount "138"]
[EventDate "2004.06.19"]

1. c4 c6 2. g3 d5 3. cxd5 cxd5 4. Bg2 Nf6 5. d3 Nc6 6. Nf3 g6 7. Bf4 Bg7 8. Nc3
O-O 9. O-O b6 10. Nb5 Bb7 11. Rb1 a6 12. Nbd4 Nxd4 13. Nxd4 Nh5 14. Be3 e5 15.
Nc2 Qd6 16. Na3 Rfc8 17. Qb3 b5 18. Rbc1 Nf6 19. Nc2 Qd7 20. f4 Ng4 21. Bd2
exf4 22. Bxf4 d4 23. Ne1 Rxc1 24. Bxc1 Re8 25. h3 Ne3 26. Bxe3 Rxe3 27. Bxb7
Qxb7 28. Kf2 Qd7 29. Rh1 Qe6 30. Qxe6 Rxe6 31. Nf3 Rc6 32. Rb1 h6 33. a4 bxa4
34. Ra1 Rb6 35. Rxa4 Kh7 36. Nxd4 Rxb2 37. Nf3 Rb6 38. g4 Kg8 39. e4 Kf8 40.
Ke3 Ke7 41. h4 Kd6 42. h5 Kc5 43. Rc4+ Kd6 44. hxg6 fxg6 45. Nh4 Kd7 46. Ra4
Kc6 47. Rc4+ Kd7 48. Ra4 Kc6 49. Nf3 Kb5 50. Ra2 h5 51. gxh5 gxh5 52. d4 Kc4
53. e5 Kd5 54. Ra5+ Ke6 55. Ke4 Bf8 56. Ng5+ Kd7 57. Kf5 Be7 58. Ne4 h4 59. Ra2
Ke8 60. d5 Rh6 61. e6 Rh5+ 62. Kg6 Rxd5 63. Rxa6 Rd1 64. Ra2 Bd6 65. Nxd6+ Rxd6
66. Kf6 h3 67. Ra8+ Rd8 68. Ra3 Rd1 69. Rxh3 Rf1+ 1/2-1/2

[Event "4NCL/Div4/MET vs. HKF3"]
[Site "West Bromwich ENG"]
[Date "2004.06.19"]
[Round "10.3"]
[White "Djabri, Zafer M"]
[Black "David, Murray J"]
[Result "1-0"]
[WhiteElo "2036"]
[BlackElo "1576"]
[PlyCount "123"]
[EventDate "2004.06.19"]

1. c4 e5 2. Nc3 Nc6 3. Nf3 g6 4. d4 Bg7 5. d5 Nce7 6. e4 d6 7. Be2 f5 8. O-O
Nf6 9. exf5 Bxf5 10. Bg5 O-O 11. Nd2 h6 12. Bxf6 Bxf6 13. Nde4 Bg7 14. c5 Bxe4
15. Nxe4 dxc5 16. Nxc5 Qxd5 17. Qxd5+ Nxd5 18. Bc4 c6 19. Nxb7 Kh7 20. Nc5 Nb6
21. Bb3 Bf6 22. Ne4 Be7 23. Rac1 Rac8 24. Rfd1 c5 25. Be6 Rc7 26. b3 a5 27. Rc2
Rd8 28. Rxd8 Bxd8 29. Rxc5 Rxc5 30. Nxc5 Bc7 31. Kf1 Kg7 32. Ne4 Kf8 33. Ke2
Ke7 34. Bc4 Nd7 35. Nc3 Nf6 36. f3 Bb6 37. Kd3 Kd6 38. Bf7 g5 39. Kc4 Bc5 40.
Ne2 Kc6 41. Ng3 Bf8 42. h3 Nd7 43. Be8 Kc7 44. Bxd7 Kxd7 45. Kb5 Bb4 46. Nf5
Ke6 47. Ne3 h5 48. Nc4 Kf5 49. Nxa5 Be1 50. Nc4 Kf4 51. a4 Kg3 52. a5 Bxa5 53.
Kxa5 Kxg2 54. Nxe5 Kxh3 55. b4 Kg2 56. b5 h4 57. b6 h3 58. Ng4 Kxf3 59. b7 Kxg4
60. b8=Q Kh4 61. Qh2 g4 62. Qf4 1-0

[Event "4NCL/Div4/MET vs. HKF3"]
[Site "West Bromwich ENG"]
[Date "2004.06.19"]
[Round "10.4"]
[White "Parmar, Amisha"]
[Black "Dickson, George"]
[Result "1-0"]
[WhiteElo "1384"]
[BlackElo "1928"]
[PlyCount "127"]
[EventDate "2004.06.19"]

1. e4 d6 2. d4 Nf6 3. Nc3 g6 4. f3 Bg7 5. Be3 c6 6. Qd2 e5 7. d5 c5 8. Be2 Na6
9. g4 Nc7 10. h4 h5 11. g5 Nd7 12. f4 exf4 13. Bxf4 Ne5 14. Nf3 Qe7 15. Bxe5
Bxe5 16. Nxe5 Qxe5 17. O-O-O Bd7 18. Rdf1 b5 19. Qf4 Qxf4+ 20. Rxf4 O-O 21. Rf6
Ne8 22. Rf4 a6 23. Re1 Rd8 24. Ref1 Nc7 25. Rf6 b4 26. Nd1 Bb5 27. c4 bxc3 28.
Nxc3 Bxe2 29. Nxe2 Rd7 30. Nf4 Re8 31. Re1 Ree7 32. Ng2 Ne8 33. Rf3 Re5 34. Ra3
Nc7 35. Ree3 Rde7 36. Ra4 Kg7 37. Kd2 f6 38. gxf6+ Kxf6 39. Nf4 g5 40. Nd3 Nxd5
41. Rf3+ Nf4 42. Nxe5 Kxe5 43. hxg5 h4 44. Ke3 Nh5 45. Rf5+ Ke6 46. g6 Ng7 47.
Rf4 Rb7 48. Rxa6 Rxb2 49. Rf7 Nh5 50. Rh7 Nf6 51. g7 Rg2 52. Rxh4 Rxg7 53. a4
Rg3+ 54. Kf4 Ra3 55. Rh6 Ra1 56. Ra8 Rf1+ 57. Ke3 Ke5 58. Rhh8 Re1+ 59. Kd3 Ra1
60. a5 d5 61. exd5 Kxd5 62. a6 Nd7 63. a7 Ne5+ 64. Ke2 1-0

[Event "4NCL/Div4/MET vs. HKF3"]
[Site "West Bromwich ENG"]
[Date "2004.06.19"]
[Round "10.5"]
[White "McGuiness, Andrew E"]
[Black "Rhodes, Peter"]
[Result "1-0"]
[WhiteElo "1776"]
[BlackElo "1064"]
[PlyCount "97"]
[EventDate "2004.06.19"]

1. e4 d6 2. Nc3 Nf6 3. g3 g6 4. Bg2 Bg7 5. Nge2 O-O 6. d3 c5 7. h3 Nc6 8. O-O
Rb8 9. Be3 Qb6 10. Rb1 Qc7 11. Qd2 b5 12. Bh6 b4 13. Nd1 Nd4 14. Bxg7 Kxg7 15.
f4 Nxe2+ 16. Qxe2 Bb7 17. Ne3 e6 18. g4 Rbe8 19. Qf2 d5 20. e5 Ng8 21. g5 h5
22. Rfd1 Ne7 23. d4 c4 24. Ra1 a5 25. a3 Ra8 26. Bf3 Nc6 27. c3 b3 28. Rd2 Rh8
29. Rad1 Ne7 30. Qg2 Qd7 31. Nxc4 dxc4 32. Bxb7 Rab8 33. Be4 Nd5 34. Qf3 a4 35.
h4 Rhd8 36. Rf2 Rb6 37. Qe2 Rc8 38. Qf3 Rd8 39. Kh2 Rh8 40. Bxd5 Qxd5 41. Qxd5
exd5 42. f5 Rf8 43. Rdf1 gxf5 44. Rxf5 Re6 45. Rf6 Kg8 46. R1f5 Kg7 47. Kg3 Kg8
48. Kf4 Kg7 49. Rxe6 1-0

[Event "4NCL/Div4/SLO3 vs. SXM"]
[Site "West Bromwich ENG"]
[Date "2004.06.19"]
[Round "10.1"]
[White "Roberson, Peter T"]
[Black "Eichner, Daniel"]
[Result "1-0"]
[WhiteElo "2121"]
[BlackElo "1966"]
[PlyCount "33"]
[EventDate "2004.06.19"]

1. e4 c5 2. c3 e5 3. Nf3 Nc6 4. Bc4 Nf6 5. Ng5 d5 6. exd5 Na5 7. Bb5+ Bd7 8.
Qe2 Bd6 9. d4 Bxb5 10. Qxb5+ Nd7 11. Ne4 Bc7 12. d6 Bb6 13. dxc5 a6 14. Qe2
Bxc5 15. b4 Bxf2+ 16. Qxf2 Nc6 17. Qg3 1-0

[Event "4NCL/Div4/SLO3 vs. SXM"]
[Site "West Bromwich ENG"]
[Date "2004.06.19"]
[Round "10.2"]
[White "Prescott, Adam"]
[Black "Armstrong, Malcolm"]
[Result "0-1"]
[WhiteElo "1712"]
[BlackElo "2129"]
[PlyCount "96"]
[EventDate "2004.06.19"]

1. e4 e5 2. Nf3 Nc6 3. d4 exd4 4. Bc4 Be7 5. Nxd4 Nf6 6. Nc3 d6 7. f3 O-O 8.
O-O a6 9. a4 Ne5 10. Be2 c5 11. Nb3 Be6 12. f4 Nc6 13. Nd2 Nd4 14. Nf3 Nxe2+
15. Qxe2 b5 16. axb5 axb5 17. Rxa8 Qxa8 18. Qxb5 Nxe4 19. Ne2 Rb8 20. Qd3 Bf5
21. Qd1 Qc6 22. c3 Qb5 23. Qd5 g6 24. Re1 Qb7 25. Qxb7 Rxb7 26. Ng3 Nxg3 27.
hxg3 Kf8 28. Kf2 Bf6 29. Rd1 Ke7 30. Re1+ Kd7 31. Rd1 Kc6 32. Rh1 h5 33. Re1
Re7 34. Rxe7 Bxe7 35. Bd2 Kd5 36. b4 cxb4 37. cxb4 Kc4 38. Ke3 Bd8 39. Ke2 Bd3+
40. Kf2 Bb6+ 41. Ke1 f6 42. Nh2 Be4 43. Nf3 d5 44. Ke2 Bc7 45. Ke3 Bd6 46. Nh4
Bxb4 47. Bxb4 Kxb4 48. Kd4 Kb5 0-1

[Event "4NCL/Div4/SLO3 vs. SXM"]
[Site "West Bromwich ENG"]
[Date "2004.06.19"]
[Round "10.3"]
[White "de Coverly, Roger"]
[Black "Makepeace, Philip J"]
[Result "1-0"]
[WhiteElo "2092"]
[BlackElo "1696"]
[PlyCount "73"]
[EventDate "2004.06.19"]

1. e4 c6 2. d4 d5 3. e5 Bf5 4. Nf3 e6 5. Be2 c5 6. O-O Nc6 7. c3 Be7 8. Qa4 a6
9. dxc5 Bxc5 10. Nd4 Bxd4 11. cxd4 Qb6 12. Rd1 Nge7 13. Nc3 O-O 14. b3 Rac8 15.
Ba3 f6 16. Bc5 Qc7 17. Qa3 fxe5 18. Bd6 Qd8 19. dxe5 Rf7 20. Na4 Ng6 21. Qb2
Ncxe5 22. Bxe5 Rc2 23. Qd4 Rxe2 24. Re1 Rxe1+ 25. Rxe1 Qg5 26. Bg3 Be4 27. Nc5
h5 28. Nxe4 dxe4 29. h4 Nxh4 30. Qxe4 Nf5 31. Qxe6 h4 32. Qe8+ Rf8 33. Qe6+ Kh8
34. Be5 h3 35. Bg3 hxg2 36. Kxg2 Nd4 37. Rh1+ 1-0

[Event "4NCL/Div4/SLO3 vs. SXM"]
[Site "West Bromwich ENG"]
[Date "2004.06.19"]
[Round "10.4"]
[White "Fraser, Joe"]
[Black "Cox, Tristan"]
[Result "1-0"]
[WhiteElo "1576"]
[BlackElo "2064"]
[PlyCount "127"]
[EventDate "2004.06.19"]

1. e4 d6 2. d4 Nf6 3. Nc3 e5 4. dxe5 dxe5 5. Qxd8+ Kxd8 6. Bc4 Ke8 7. Bg5 Bd6
8. O-O-O Nbd7 9. f3 a6 10. Nge2 h6 11. Be3 Ke7 12. Nd5+ Nxd5 13. Bxd5 c6 14.
Bxf7 Rf8 15. Bb3 b5 16. Rd2 a5 17. a4 Bc5 18. Bxc5+ Nxc5 19. axb5 Nxb3+ 20.
cxb3 cxb5 21. Rd5 Ke6 22. Rxb5 Bd7 23. Rb6+ Ke7 24. Rd1 Rfb8 25. Nc3 Be6 26.
Rxb8 Rxb8 27. Nd5+ Kf7 28. Rd3 g5 29. Kc2 h5 30. Rc3 Bxd5 31. exd5 Rb5 32. Rd3
Ke7 33. d6+ Kd7 34. Kc3 Rc5+ 35. Kd2 Rc6 36. Ke3 Rxd6 37. Rxd6+ Kxd6 38. Ke4
Ke6 39. g3 g4 40. f4 exf4 41. Kxf4 Kf6 42. b4 axb4 43. b3 Kg6 44. Ke5 Kg5 45.
Ke6 Kg6 46. Ke5 Kg5 47. Kd4 h4 48. Ke4 hxg3 49. hxg3 Kf6 50. Kf4 Ke6 51. Kxg4
Ke5 52. Kf3 Kd4 53. g4 Kc3 54. g5 Kxb3 55. g6 Kc2 56. g7 b3 57. g8=Q b2 58.
Qc4+ Kd1 59. Qb3+ Kc1 60. Qc3+ Kb1 61. Ke2 Ka2 62. Qc2 Ka1 63. Qa4+ Kb1 64. Kd3
1-0

[Event "4NCL/Div4/SLO3 vs. SXM"]
[Site "West Bromwich ENG"]
[Date "2004.06.19"]
[Round "10.5"]
[White "Varnam, Liam D"]
[Black "Richardson, Joe"]
[Result "1-0"]
[WhiteElo "2065"]
[BlackElo "1536"]
[PlyCount "101"]
[EventDate "2004.06.19"]

1. e4 e5 2. Nf3 Nc6 3. Nc3 Nf6 4. Bb5 Bc5 5. O-O d6 6. h3 O-O 7. d3 Nd4 8. Nxd4
Bxd4 9. Ne2 Bb6 10. c3 Bd7 11. Bc4 c6 12. Bg5 h6 13. Bxf6 Qxf6 14. a4 Qg6 15.
Kh1 Rad8 16. a5 Bc7 17. Qb3 d5 18. exd5 cxd5 19. Bxd5 Qxd3 20. Ng3 Bc6 21. Bxc6
bxc6 22. Qb7 Bb8 23. Qxc6 Rd6 24. Qe4 Qb5 25. b4 g6 26. Qe3 Kg7 27. Ne4 Rd3 28.
Qe1 Qc6 29. f3 Rfd8 30. Rb1 a6 31. Nc5 Rd2 32. Rf2 R2d5 33. Qe2 Ba7 34. c4 R5d6
35. Qxe5+ Kg8 36. Rff1 Rd2 37. Ne4 Bb8 38. Qe7 R2d7 39. Nf6+ Kg7 40. Nxd7 Rxd7
41. Qe4 Qc7 42. f4 Re7 43. Qd4+ Kh7 44. Qb6 Qc8 45. b5 axb5 46. cxb5 Ba7 47.
Qf6 Rd7 48. b6 Bb8 49. Rfe1 Qc2 50. Rbc1 Qf2 51. Re8 1-0

[Event "4NCL/Div4/SLO3 vs. SXM"]
[Site "West Bromwich ENG"]
[Date "2004.06.19"]
[Round "10.6"]
[White "Fraser, A Scott"]
[Black "Roberson, John"]
[Result "1-0"]
[WhiteElo "1096"]
[BlackElo "1040"]
[PlyCount "49"]
[EventDate "2004.06.19"]

1. d4 e6 2. c4 d5 3. cxd5 exd5 4. Nc3 Nf6 5. Bf4 Bb4 6. Qb3 Nc6 7. e3 Ne4 8.
Bb5 a5 9. Nf3 f6 10. h3 g5 11. Bh2 Be6 12. O-O Bxc3 13. bxc3 g4 14. hxg4 Bxg4
15. Qc2 Bxf3 16. gxf3 Rg8+ 17. Kh1 Ng5 18. Qf5 Kf7 19. Bxc6 bxc6 20. Rg1 Rg6
21. Rab1 Qg8 22. Qd7+ Kf8 23. Qxc7 Rh6 24. Rb7 Qe6 25. Qg7+ 1-0

[Event "4NCL/Div4/AD3 vs. CHED"]
[Site "West Bromwich ENG"]
[Date "2004.06.19"]
[Round "10.1"]
[White "Spanton, Timothy"]
[Black "Smith, Alan A"]
[Result "0-1"]
[WhiteElo "2014"]
[BlackElo "2251"]
[PlyCount "54"]
[EventDate "2004.06.19"]

1. e4 c5 2. c4 e6 3. Nc3 Nc6 4. g3 h5 5. h4 Nf6 6. Bg2 Be7 7. Nge2 d6 8. d4
cxd4 9. Nxd4 Ne5 10. O-O a6 11. b3 Qc7 12. Bb2 Rb8 13. Rc1 b6 14. Qe2 Bb7 15.
Rfd1 Rc8 16. Bh3 O-O 17. Bg2 Qb8 18. Nf3 g6 19. Ba3 Rfe8 20. Nxe5 dxe5 21. Bxe7
Rxe7 22. Qe3 Bc6 23. Bf3 Kg7 24. Kh2 Ree8 25. Be2 b5 26. cxb5 Bxb5 27. Bxb5
Ng4+ 0-1

[Event "4NCL/Div4/AD3 vs. CHED"]
[Site "West Bromwich ENG"]
[Date "2004.06.19"]
[Round "10.2"]
[White "Edwards, Simon R"]
[Black "Pritchard, David"]
[Result "1/2-1/2"]
[WhiteElo "2042"]
[BlackElo "1864"]
[PlyCount "77"]
[EventDate "2004.06.19"]

1. d4 Nf6 2. Nf3 e6 3. Bg5 Be7 4. Nbd2 b6 5. e3 Bb7 6. Bd3 d6 7. O-O Nbd7 8. c3
h6 9. Bh4 g5 10. Bg3 Nh5 11. Qc2 Nxg3 12. fxg3 g4 13. Ne1 Bg5 14. e4 Qe7 15. a4
a5 16. Kh1 h5 17. b4 h4 18. gxh4 Bxh4 19. Qd1 Qg5 20. Nc2 Bg3 21. h3 gxh3 22.
Nf3 Qh6 23. Ng1 hxg2+ 24. Kxg2 Qh2+ 25. Kf3 f5 26. Qe2 fxe4+ 27. Bxe4 Bxe4+ 28.
Kxe4 Qh4+ 29. Kd3 Ke7 30. Ne3 Qh7+ 31. Kd2 Raf8 32. Nd5+ Kd8 33. Qxe6 Re8 34.
Qf5 Qxf5 35. Rxf5 Rh2+ 36. Kd3 c6 37. Ne3 axb4 38. cxb4 Bf2 39. Ng4 1/2-1/2

[Event "4NCL/Div4/AD3 vs. CHED"]
[Site "West Bromwich ENG"]
[Date "2004.06.19"]
[Round "10.3"]
[White "Graham, Nick"]
[Black "Simpson, Chris"]
[Result "1/2-1/2"]
[WhiteElo "1840"]
[BlackElo "1712"]
[PlyCount "64"]
[EventDate "2004.06.19"]

1. d4 Nf6 2. Nf3 d5 3. Bf4 g6 4. e3 Bg7 5. Be2 O-O 6. Ne5 c5 7. c3 Nc6 8. h4
cxd4 9. exd4 Nxe5 10. Bxe5 Qb6 11. Qb3 Qxb3 12. axb3 Ne4 13. Bxg7 Kxg7 14. Nd2
f5 15. Nf3 Rf6 16. Ne5 a5 17. Bd3 Nd6 18. c4 Be6 19. f3 Nf7 20. c5 Nxe5 21.
dxe5 Rff8 22. Kf2 d4 23. Ra4 Bxb3 24. Rxd4 Rfd8 25. Ke3 Rxd4 26. Kxd4 Rd8+ 27.
Kc3 a4 28. Bc4 Bxc4 29. Kxc4 Rd2 30. Ra1 Rxb2 31. Rxa4 b5+ 32. cxb6 Rxb6
1/2-1/2

[Event "4NCL/Div4/AD3 vs. CHED"]
[Site "West Bromwich ENG"]
[Date "2004.06.19"]
[Round "10.4"]
[White "Yu, Yangshi"]
[Black "Pready, Alex D"]
[Result "1-0"]
[WhiteElo "1688"]
[BlackElo "1664"]
[PlyCount "107"]
[EventDate "2004.06.19"]

1. e4 c5 2. Nc3 Nc6 3. f4 d6 4. Bb5 Bd7 5. Bxc6 Bxc6 6. Nf3 g6 7. O-O Bg7 8.
Qe1 Qc7 9. a4 e6 10. Nb5 Qd8 11. c3 a6 12. Na3 Bxa4 13. Qg3 Nf6 14. d3 Nh5 15.
Qh3 Bd7 16. g4 Nf6 17. Nc4 Bc6 18. e5 Nd7 19. Nxd6+ Kf8 20. Ng5 Qe7 21. Ngxf7
h5 22. Nxh8 Bxh8 23. gxh5 gxh5 24. f5 Qg7+ 25. Kf2 Nxe5 26. fxe6 Kg8 27. Ke2
Bg2 28. Qg3 Bxf1+ 29. Kxf1 Rf8+ 30. Ke2 Ng4 31. Be3 Kh7 32. h3 Nf6 33. Qxg7+
Bxg7 34. Nxb7 Nd5 35. Nxc5 Re8 36. Rxa6 Nc7 37. Rc6 Be5 38. d4 Bh2 39. b4 Nd5
40. Kd3 Kg6 41. b5 Kf5 42. b6 Rg8 43. Ne4 Ne7 44. Rc5+ Kxe6 45. Rxh5 Rb8 46. c4
Ra8 47. Rh6+ Kf7 48. Rh7+ Ke6 49. Nc5+ Kf6 50. b7 Ra3+ 51. Ke4 Nf5 52. Bf4 Nd6+
53. Bxd6 Bxd6 54. Rh6+ 1-0

[Event "4NCL/Div4/AD3 vs. CHED"]
[Site "West Bromwich ENG"]
[Date "2004.06.19"]
[Round "10.5"]
[White "McIntosh, Doreen (res)"]
[Black "Beaumont, Alan R"]
[Result "0-1"]
[WhiteElo "1304"]
[BlackElo "1464"]
[PlyCount "76"]
[EventDate "2004.06.19"]

1. d4 d5 2. c4 Nf6 3. Nc3 g6 4. Nf3 Bg7 5. e3 O-O 6. Be2 e6 7. O-O b6 8. cxd5
Nxd5 9. Bd2 Bb7 10. Rc1 Nd7 11. Nxd5 Bxd5 12. Bc4 Bb7 13. Bc3 c5 14. Re1 cxd4
15. Bxd4 Qe7 16. Bxg7 Kxg7 17. Qd4+ e5 18. Qg4 Rac8 19. h4 Rc7 20. Bb5 Nf6 21.
Qg3 a6 22. Rxc7 Qxc7 23. Ba4 b5 24. Bb3 Re8 25. Ng5 Bd5 26. e4 Bxb3 27. Qxb3
Rc8 28. Re2 Qc4 29. Qe3 Qxa2 30. Qa7 h6 31. Nf3 Rc1+ 32. Kh2 Qb1 33. Nxe5 Qa2
34. Nd3 Rd1 35. e5 Ng4+ 36. Kg3 Rxd3+ 37. Kxg4 Qe6+ 38. Kf4 Qf5# 0-1

[Event "4NCL/Div4/AD3 vs. CHED"]
[Site "West Bromwich ENG"]
[Date "2004.06.19"]
[Round "10.6"]
[White "Yu, Yangshan"]
[Black "Graham, Louis"]
[Result "1/2-1/2"]
[WhiteElo "1376"]
[BlackElo "1560"]
[PlyCount "38"]
[EventDate "2004.06.19"]

1. e4 e5 2. Nf3 Nc6 3. d4 exd4 4. Bc4 Nf6 5. O-O Nxe4 6. Re1 d5 7. Bxd5 Qxd5 8.
Nc3 Qh5 9. Nxe4 Be6 10. Bg5 Bd6 11. Nxd6+ cxd6 12. Bf4 Qd5 13. c3 O-O 14. Nxd4
Nxd4 15. Qxd4 Qxd4 16. cxd4 d5 17. Rac1 Rac8 18. f3 h6 19. g4 Rfe8 1/2-1/2

[Event "4NCL/Div4/MIN2 vs. BCA"]
[Site "West Bromwich ENG"]
[Date "2004.06.19"]
[Round "10.1"]
[White "Hardman, Michael J"]
[Black "Mordue, A Tyson"]
[Result "0-1"]
[WhiteElo "2107"]
[BlackElo "2284"]
[PlyCount "114"]
[EventDate "2004.06.19"]

1. e4 c5 2. Nf3 d6 3. d4 cxd4 4. Nxd4 Nf6 5. Nc3 a6 6. Bc4 e6 7. Bb3 b5 8. f4
Be7 9. O-O Bb7 10. f5 e5 11. Nde2 Nbd7 12. Ng3 h5 13. Nd5 Nxd5 14. Bxd5 Qb6+
15. Kh1 Nf6 16. Be3 Qxe3 17. Bxb7 Ra7 18. Bc6+ Kf8 19. Rf3 Qb6 20. Qg1 Qxg1+
21. Kxg1 Bd8 22. c3 Bb6+ 23. Kf1 h4 24. Nh1 Rc7 25. Bd5 Nxd5 26. exd5 Ke7 27.
Nf2 Bxf2 28. Kxf2 Rc5 29. Rd1 Kf6 30. Ke3 Rh5 31. Rdf1 Rxd5 32. b4 e4 33. Kxe4
Re5+ 34. Kd4 Rhxf5 35. c4 Rxf3 36. Rxf3+ Ke6 37. Ra3 Re2 38. Rxa6 bxc4 39. b5
Rxg2 40. h3 g5 41. b6 Kd7 42. Kxc4 Kc6 43. b7+ Kxb7 44. Rxd6 Rg3 45. Rd7+ Kc6
46. Rxf7 Rxh3 47. Rf6+ Kd7 48. Kd5 Ke7 49. Rg6 Ra3 50. Ke5 Ra5+ 51. Ke4 Kf7 52.
Rb6 Kg7 53. Kf3 Rxa2 54. Kg4 Rg2+ 55. Kh3 Rg3+ 56. Kh2 Rf3 57. Kg2 Rf6 0-1

[Event "4NCL/Div4/MIN2 vs. BCA"]
[Site "West Bromwich ENG"]
[Date "2004.06.19"]
[Round "10.2"]
[White "Ross, Chris"]
[Black "Parker, Robert"]
[Result "1/2-1/2"]
[WhiteElo "2133"]
[BlackElo "2105"]
[PlyCount "101"]
[EventDate "2004.06.19"]

1. e4 e5 2. Nf3 Nc6 3. Bb5 a6 4. Ba4 Nf6 5. O-O Be7 6. Re1 b5 7. Bb3 d6 8. c3
O-O 9. h3 Nb8 10. d4 Nbd7 11. Nbd2 Bb7 12. a4 c5 13. dxe5 dxe5 14. Qe2 c4 15.
Bc2 Qc7 16. Nf1 Nc5 17. Ng3 Rad8 18. axb5 axb5 19. Bg5 h6 20. Be3 Nd3 21. Red1
Nxe4 22. Nf5 Nec5 23. Nh2 Bc8 24. Nxe7+ Qxe7 25. b4 Nb7 26. Bxd3 cxd3 27. Rxd3
Rxd3 28. Qxd3 Qd7 29. Rd1 Rd8 30. Qxd7 Rxd7 31. Rxd7 Bxd7 32. Nf3 f6 33. Nd2
Kf7 34. f4 Ke6 35. Kf2 Kd5 36. fxe5 fxe5 37. Ke2 Nd6 38. Bc5 Ne4 39. Nxe4 Kxe4
40. Bf8 g6 41. Bxh6 Be6 42. Bg7 Bc4+ 43. Kf2 Kf4 44. g3+ Ke4 45. h4 Be6 46. Bf6
Kf5 47. Bh8 Ke4 48. Bg7 Bg4 49. Ke1 Be6 50. Kd2 Bf7 51. Bf6 1/2-1/2

[Event "4NCL/Div4/MIN2 vs. BCA"]
[Site "West Bromwich ENG"]
[Date "2004.06.19"]
[Round "10.3"]
[White "Twitchell, Neville H"]
[Black "Burnell, Steve"]
[Result "0-1"]
[WhiteElo "2003"]
[BlackElo "1840"]
[PlyCount "66"]
[EventDate "2004.06.19"]

1. e4 c6 2. d4 d5 3. exd5 cxd5 4. c4 Nf6 5. Nc3 e6 6. Nf3 Be7 7. Bd3 O-O 8. O-O
Nc6 9. h3 Nb4 10. Be2 dxc4 11. Bxc4 Nbd5 12. Bg5 b6 13. Rc1 Bb7 14. Ne5 h6 15.
Bh4 Rc8 16. Nb5 a6 17. Na7 Rc7 18. Bb3 Bd6 19. Qd2 Qa8 20. Rxc7 Bxc7 21. Rc1
Bd6 22. Nac6 Rc8 23. Bxf6 Nxf6 24. Nb4 Rxc1+ 25. Qxc1 Bxb4 26. Qc7 Be4 27.
Qxf7+ Kh8 28. Bxe6 Qe8 29. Qxe8+ Nxe8 30. f3 Bb1 31. a3 Bd2 32. Nc4 Bc1 33. d5
b5 0-1

[Event "4NCL/Div4/MIN2 vs. BCA"]
[Site "West Bromwich ENG"]
[Date "2004.06.19"]
[Round "10.4"]
[White "Murphy, Richard L"]
[Black "Smith, Ivor B N"]
[Result "1/2-1/2"]
[WhiteElo "1376"]
[BlackElo "1920"]
[PlyCount "48"]
[EventDate "2004.06.19"]

1. e4 c5 2. Nf3 d6 3. d4 cxd4 4. Nxd4 Nf6 5. Nc3 a6 6. Bg5 e6 7. f4 Be7 8. Qf3
Qc7 9. O-O-O Nbd7 10. g4 b5 11. Bxf6 gxf6 12. Bd3 b4 13. Nce2 Nc5 14. Rhg1 Bb7
15. Ng3 O-O-O 16. Kb1 d5 17. Rge1 dxe4 18. Bxe4 Nxe4 19. Nxe4 Bc5 20. c3 bxc3
21. Qxc3 Bxe4+ 22. Rxe4 e5 23. fxe5 fxe5 24. Rc1 Rxd4 1/2-1/2

[Event "4NCL/Div4/MIN2 vs. BCA"]
[Site "West Bromwich ENG"]
[Date "2004.06.19"]
[Round "10.5"]
[White "Ackley, Peter"]
[Black "Williams, Robin"]
[Result "1-0"]
[WhiteElo "1832"]
[BlackElo "1160"]
[PlyCount "49"]
[EventDate "2004.06.19"]

1. d4 Nf6 2. Nf3 e6 3. Bg5 Be7 4. Nbd2 d5 5. e3 Nbd7 6. Bd3 O-O 7. O-O c5 8. c3
a6 9. Ne5 Nxe5 10. dxe5 Nd7 11. Bxe7 Qxe7 12. f4 b5 13. Rf3 Bb7 14. Rh3 g6 15.
Nf3 Kg7 16. Qe2 c4 17. Bc2 Nc5 18. Qf2 Ne4 19. Bxe4 dxe4 20. Nd4 Rad8 21. Qg3
Qe8 22. Qg5 Rh8 23. f5 exf5 24. Nxf5+ Kg8 25. Qf6 1-0

[Event "4NCL/Div4/MIN2 vs. BCA"]
[Site "West Bromwich ENG"]
[Date "2004.06.19"]
[Round "10.6"]
[White "Whitehouse, Guy"]
[Black "Eisen, David"]
[Result "0-1"]
[WhiteElo "1224"]
[BlackElo "1768"]
[PlyCount "53"]
[EventDate "2004.06.19"]

1. e4 c6 2. d4 d5 3. exd5 cxd5 4. Bd3 Nc6 5. c3 g6 6. Bf4 Bf5 7. Bxf5 gxf5 8.
Nf3 e6 9. O-O Bd6 10. Bxd6 Qxd6 11. Re1 Nf6 12. Nbd2 Ne4 13. c4 Nxd2 14. Nxd2
O-O 15. c5 Qf4 16. Nf3 Kh8 17. h3 Rg8 18. Kh1 Rg7 19. Qd3 Rag8 20. g3 Rxg3 21.
fxg3 Rxg3 22. Qf1 Rxf3 23. Qg2 Rg3 24. Rf1 Qh4 25. Qxg3 Qxg3 26. Rad1 Qxh3+ 27.
Kg1 0-1

[Event "4NCL/Div4/CAMB vs. PONTY"]
[Site "West Bromwich ENG"]
[Date "2004.06.20"]
[Round "11.1"]
[White "Mah, Karl C C"]
[Black "Robinson, David"]
[Result "1-0"]
[WhiteElo "2424"]
[BlackElo "2045"]
[PlyCount "49"]
[EventDate "2004.06.20"]

1. c4 e5 2. g3 d6 3. Bg2 Be7 4. Nc3 f5 5. d4 Nf6 6. Nf3 e4 7. Ng5 Nc6 8. f3
exf3 9. exf3 O-O 10. O-O h6 11. Nh3 g5 12. d5 Na5 13. b3 Qe8 14. Re1 b6 15. Nb5
Qd8 16. Nd4 Rf7 17. Qd3 Nh7 18. b4 Nb7 19. Nc6 Qf8 20. Nxe7+ Rxe7 21. Bb2 Rf7
22. Qc3 Nf6 23. f4 Qg7 24. Re6 Bxe6 25. dxe6 1-0

[Event "4NCL/Div4/CAMB vs. PONTY"]
[Site "West Bromwich ENG"]
[Date "2004.06.20"]
[Round "11.2"]
[White "Saunders, W Nigel"]
[Black "Moskovic, David M"]
[Result "0-1"]
[WhiteElo "2104"]
[BlackElo "2274"]
[PlyCount "56"]
[EventDate "2004.06.20"]

1. d4 Nf6 2. Nf3 g6 3. g3 Bg7 4. Bg2 O-O 5. O-O d6 6. c4 c6 7. Nc3 Nbd7 8. b4
c5 9. bxc5 dxc5 10. Bb2 cxd4 11. Nxd4 Nb6 12. Qd3 Ng4 13. Nf3 Be6 14. Rad1 Nxc4
15. Ba1 Qxd3 16. exd3 Nd6 17. h3 Nf6 18. Ng5 Bd7 19. Rfe1 h6 20. Nge4 Bc6 21.
Nxd6 exd6 22. Ne4 Ne8 23. Bxg7 Kxg7 24. d4 d5 25. Nc5 Rc8 26. Re7 Nd6 27. Bxd5
Bxd5 28. Rd7 Rfd8 0-1

[Event "4NCL/Div4/CAMB vs. PONTY"]
[Site "West Bromwich ENG"]
[Date "2004.06.20"]
[Round "11.3"]
[White "Mutton, Jonathan B"]
[Black "Jones, Derek C"]
[Result "1-0"]
[WhiteElo "2186"]
[BlackElo "1944"]
[PlyCount "35"]
[EventDate "2004.06.20"]

1. e4 c5 2. Nc3 Nc6 3. Bb5 Nd4 4. Bc4 g6 5. Nf3 Bg7 6. Nxd4 cxd4 7. Qf3 Nh6 8.
Ne2 O-O 9. d3 e5 10. Qg3 d6 11. h4 Kh8 12. h5 Ng4 13. f3 Ne3 14. Bxe3 dxe3 15.
hxg6 h6 16. Bxf7 Qa5+ 17. c3 Bd7 18. Qg5 1-0

[Event "4NCL/Div4/CAMB vs. PONTY"]
[Site "West Bromwich ENG"]
[Date "2004.06.20"]
[Round "11.4"]
[White "James, Dai"]
[Black "Garner, David"]
[Result "0-1"]
[WhiteElo "2024"]
[BlackElo "2168"]
[PlyCount "50"]
[EventDate "2004.06.20"]

1. e4 e6 2. d4 d5 3. e5 c5 4. Nf3 Nc6 5. Bd3 cxd4 6. O-O Nge7 7. Re1 Bd7 8. a3
Qc7 9. b4 Ng6 10. Qe2 a6 11. h4 f6 12. exf6 gxf6 13. c4 dxc4 14. Bxc4 Nce5 15.
Nbd2 Nf4 16. Qe4 Nxc4 17. Nxc4 Nh3+ 18. gxh3 Rg8+ 19. Kh1 Qxc4 20. Nxd4 Bd6 21.
Bf4 Bxf4 22. Qxf4 Bc6+ 23. f3 O-O-O 24. Nxe6 Qxf4 25. Nxf4 Bxf3+ 0-1